000 01794nam a2200373 i 4500
001 000022065
003 DO-SdBNP
005 20260321073640.0
007 ta
008 100916s1990 dr c 000 0 spa d
040 _aDO-SdBNP
_bspa
_cDO-SdBNP
_erda
049 _a
082 4 _a972.93054
_bG861j
_222
100 1 _aGrimaldi, Víctor,
_d1949-
_4aut.
_eautor
_91699
245 1 0 _aJuan Bosch :
_bel comienzo de la historia /
_cVíctor Grimaldi.
250 _aPrimera edición
264 _aSanto Domingo :
_bEditora Alfa & Omega,
_c1990.
300 _a109 páginas :
_bilustraciones, mapas, retratos ;
_c21 cm.
336 _atexto
_btxt
_2rdacontent
337 _asin mediación
_bn
_2rdamedia
338 _avolumen
_bnc
_2rdacarrier
500 _aIncluye datos biográficos del autor en la contracubierta.
505 _aPresentación--
_tUn encuentro entre dos presidentes --
_tHaití en el destino dominicano --
_t Kennedy frente a Haiti en el Caribe --
_tLa embajada evalúa el gobierno de Bosch --
_tUn plan contra François Duvalier --
_t Unos antecedentes importantes --
_tTexto oficial de la entrevista Kennedy-Bosch --
_tTexto oficial de la entrevista Bosch-Johnson --
_tEpílogo sobre las ironías de la historia.
590 _aInventariado, 2020/VM
600 1 0 _a Bosch, Juan,
_d1909-2001
_976555
650 4 _ageopolítica
_918428
651 4 _aRepública Dominicana
_xHistoria
_y1961-1965
_9480
651 4 _aEstados Unidos
_xRelaciones exteriores
_zCaribe (Región)
_977534
651 4 _aEstados Unidos
_xRelaciones exteriores
_zRepública Dominicana
_96309
651 4 _aRepública Dominicana
_xRelaciones exteriores
_zEstados Unidos
_96308
651 4 _aEstados Unidos
_xPolítica militar
_91496
910 _aVMateo/Validado. Control de calidad MFF
942 _2ddc
_cLBS1
999 _c21563
_d21563